|
|
|
|
| LEADER |
00000nam0a2200000 4500 |
| 001 |
315168 |
| 005 |
20231102002742.0 |
| 010 |
|
|
|a 9785991657464
|
| 035 |
|
|
|a (RuTPU)RU\TPU\book\340601
|
| 090 |
|
|
|a 315168
|
| 100 |
|
|
|a 20160226d2016 m y0rusy50 ca
|
| 101 |
0 |
|
|a rus
|
| 102 |
|
|
|a RU
|
| 105 |
|
|
|a a j 001zy
|
| 200 |
1 |
|
|a Логика и теория аргументации
|e учебник для академического бакалавриата
|f Г. Л. Тульчинский, С. С. Гусев, С. В. Герасимов
|g Высшая школа экономики (ВШЭ), Национальный исследовательский университет (НИУ) ; под ред. Г. Л. Тульчинского
|
| 210 |
|
|
|a Москва
|c Юрайт
|d 2016
|
| 215 |
|
|
|a 233 с.
|c ил.
|
| 225 |
1 |
|
|a Бакалавр. Академический курс
|
| 320 |
|
|
|a Библиогр. в конце тем.
|
| 330 |
|
|
|a Учебник подготовлен авторами на основе читаемых курсов, проведения тренингов, а также исследований публичных коммуникаций-в бизнесе, политике, науке и образовании.Систематически рассмотрены роль и значение логики и аргументации в социальной коммуникации и культуре. В рассмотрении теории и практики рассуждений специальное внимание уделено диаграмматическим методам. Подробно рассматриваются структура и процедуры, корректные и некорректные приемы аргументации, методы борьбы с некорректными приемами, технология подготовки публичного выступления.Соответствует актуальным требованиям Федерального государственного образовательного стандарта высшего образования.Для специалистов и студентов, изучающих логику, теорию и практику публичной аргументации, а также для всех, кто интересуется возможностью реализации эффективной коммуникации.
|
| 606 |
1 |
|
|a Логика
|2 stltpush
|3 (RuTPU)RU\TPU\subj\40551
|9 60396
|
| 610 |
1 |
|
|a аргументация
|
| 610 |
1 |
|
|a социальные коммуникации
|
| 610 |
1 |
|
|a история
|
| 610 |
1 |
|
|a общество
|
| 610 |
1 |
|
|a логическая культура
|
| 610 |
1 |
|
|a культура
|
| 610 |
1 |
|
|a понятия
|
| 610 |
1 |
|
|a суждения
|
| 610 |
1 |
|
|a умозаключения
|
| 610 |
1 |
|
|a рассуждения
|
| 610 |
1 |
|
|a логические структуры
|
| 610 |
1 |
|
|a доказательство
|
| 610 |
1 |
|
|a опровержения
|
| 610 |
1 |
|
|a некорректная аргументация
|
| 610 |
1 |
|
|a публичные выступления
|
| 610 |
1 |
|
|a спичрайтеры
|
| 610 |
1 |
|
|a приемы
|
| 610 |
1 |
|
|a учебные пособия
|
| 686 |
|
|
|a Ю4я73
|v LBC/SL-A
|2 rubbk
|
| 700 |
|
1 |
|a Тульчинский
|b Г. Л.
|g Григорий Львович
|
| 701 |
|
1 |
|a Гусев
|b С. С.
|g Станислав Сергеевич
|
| 701 |
|
1 |
|a Герасимов
|b С. В.
|g Сергей Викторович
|
| 702 |
|
1 |
|a Тульчинский
|b Г. Л.
|g Григорий Львович
|4 340
|
| 712 |
0 |
2 |
|a Высшая школа экономики (ВШЭ)
|b Национальный исследовательский университет (НИУ)
|c (Москва)
|c (2010- )
|2 stltpush
|3 (RuTPU)RU\TPU\col\17951
|
| 801 |
|
1 |
|a RU
|b 63413507
|c 20160226
|
| 801 |
|
2 |
|a RU
|b 63413507
|c 20160405
|g RCR
|
| 900 |
|
|
|a Логика
|
| 900 |
|
|
|a Логика и теория аргументации
|
| 942 |
|
|
|c BK
|
| 951 |
|
|
|l 8.1
|
| 959 |
|
|
|a 24/20160224
|d 1
|e 539,00
|f ЧЗГЛ:1
|